<?xml version="1.0" encoding="UTF-8"?>
<record
    xmlns:xsi="http://www.w3.org/2001/XMLSchema-instance"
    xsi:schemaLocation="http://www.loc.gov/MARC21/slim http://www.loc.gov/standards/marcxml/schema/MARC21slim.xsd"
    xmlns="http://www.loc.gov/MARC21/slim">

  <leader>02538    a2200361   4500</leader>
  <controlfield tag="001">41310</controlfield>
  <controlfield tag="005">20260407155707.0</controlfield>
  <controlfield tag="008">260407a2015    arg                 spa d</controlfield>
  <controlfield tag="003">AR-UNSa-BCEJYS</controlfield>
  <datafield tag="040" ind1=" " ind2=" ">
    <subfield code="a">AR-UNSa-BCEJYS</subfield>
    <subfield code="b">spa</subfield>
    <subfield code="c">AR-UNSa-BCEJYS</subfield>
  </datafield>
  <datafield tag="080" ind1=" " ind2=" ">
    <subfield code="a">347.51</subfield>
    <subfield code="x">Responsabilidad civil en general</subfield>
  </datafield>
  <datafield tag="245" ind1="1" ind2="0">
    <subfield code="a">C&#xF3;digo Civil y Comercial de la Naci&#xF3;n</subfield>
    <subfield code="p">Responsabilidad civil</subfield>
  </datafield>
  <datafield tag="264" ind1=" " ind2="1">
    <subfield code="a">Buenos Aires :</subfield>
    <subfield code="b">Erreius</subfield>
    <subfield code="c">2015</subfield>
  </datafield>
  <datafield tag="300" ind1=" " ind2=" ">
    <subfield code="a">107 p.</subfield>
    <subfield code="c">26 cm.</subfield>
  </datafield>
  <datafield tag="505" ind1=" " ind2=" ">
    <subfield code="a">1. La nueva estructura de la responsabilidad civil en el C&#xF3;digo Civil y Comercial de la Naci&#xF3;n / Rodolfo Gonz&#xE1;lez Zavala - 2. La valoraci&#xF3;n del da&#xF1;o en el C&#xF3;digo Civil y Comercial de la Naci&#xF3;n / Esteban J. Arias y Mat&#xED;as L. Nieto - 3. La responsabilidad parental en el C&#xF3;digo Civil y Comercial de la Naci&#xF3;n. Nuevos conceptos para realidades cambiantes / Diego Mielnicki y Facundo J. Roitman - 4. Responsabilidad colectiva y an&#xF3;nima en el C&#xF3;digo Civil y Comercial de la Naci&#xF3;n / Marcelo A. Lencina - 5. Apostillas sobre la responsabilidad de la persona jur&#xED;dica y de sus administradores en la nueva legislaci&#xF3;n civil y comercial / Mauricio Boretto - 6. La responsabilidad civil en el C&#xF3;digo Civil y Comercial de la Naci&#xF3;n, con especial referencia a los establecimientos educativos / Dar&#xED;o A. Victorre - 7. La responsabilidad civil del abogado en el C&#xF3;digo Civil y Comercial de la Naci&#xF3;n / Sandra M. Wierzba - 8. El C&#xF3;digo Civil y Comercial de la Naci&#xF3;n y las relaciones entre la acci&#xF3;n civil y penal / Graciela Lovece - 9. Responsabilidad del gestor en el C&#xF3;digo Civil y Comercial de la Naci&#xF3;n / Marcelo Hersalis - 10. Responsabilidad civil extracontractual multinacional. Un panorama actual de su regulaci&#xF3;n en el C&#xF3;digo Civil y Comercial de la Naci&#xF3;n / Pablo R. Masud - 11. Responsabilidad civil por da&#xF1;o ambiental de incidencia colectiva en el C&#xF3;digo Civil y Comercial de la Naci&#xF3;n / Luis Cavalli</subfield>
  </datafield>
  <datafield tag="041" ind1=" " ind2=" ">
    <subfield code="a">spa</subfield>
  </datafield>
  <datafield tag="942" ind1=" " ind2=" ">
    <subfield code="c">BK</subfield>
  </datafield>
  <datafield tag="590" ind1=" " ind2=" ">
    <subfield code="a">niveau_biblio:m niveau_hierar:0</subfield>
  </datafield>
  <datafield tag="100" ind1="1" ind2=" ">
    <subfield code="a">Arias C&#xE1;u, Esteban J.</subfield>
  </datafield>
  <datafield tag="700" ind1="1" ind2=" ">
    <subfield code="a">Gonz&#xE1;lez Zavala, Rodolfo</subfield>
  </datafield>
  <datafield tag="700" ind1="1" ind2=" ">
    <subfield code="a">Nieto, Mat&#xED;as L.</subfield>
  </datafield>
  <datafield tag="700" ind1="1" ind2=" ">
    <subfield code="a">Mielnicki, Diego</subfield>
  </datafield>
  <datafield tag="700" ind1="1" ind2=" ">
    <subfield code="a">Roitman, Facundo J.</subfield>
  </datafield>
  <datafield tag="700" ind1="1" ind2=" ">
    <subfield code="a">Lencina, Marcelo A.</subfield>
  </datafield>
  <datafield tag="700" ind1="1" ind2=" ">
    <subfield code="a">Boretto, Mauricio</subfield>
  </datafield>
  <datafield tag="700" ind1="1" ind2=" ">
    <subfield code="a">Victtore, Dar&#xED;o A.</subfield>
  </datafield>
  <datafield tag="700" ind1="1" ind2=" ">
    <subfield code="a">Wierzba, Sandra M.</subfield>
  </datafield>
  <datafield tag="700" ind1="1" ind2=" ">
    <subfield code="a">Lovece, Graciela</subfield>
  </datafield>
  <datafield tag="700" ind1="1" ind2=" ">
    <subfield code="a">Hersalis, Marcelo</subfield>
  </datafield>
  <datafield tag="700" ind1="1" ind2=" ">
    <subfield code="a">Masud, Pablo R.</subfield>
  </datafield>
  <datafield tag="700" ind1="1" ind2=" ">
    <subfield code="a">Cavalli, Luis</subfield>
  </datafield>
  <datafield tag="856" ind1="4" ind2="1">
    <subfield code="u">https://biblioeco.unsa.edu.ar/pmb/images/libros/E00026.jpg</subfield>
    <subfield code="y">Imagen de portada</subfield>
    <subfield code="q">image/jpeg</subfield>
  </datafield>
  <datafield tag="999" ind1=" " ind2=" ">
    <subfield code="c">3454</subfield>
    <subfield code="d">3454</subfield>
  </datafield>
  <datafield tag="952" ind1=" " ind2=" ">
    <subfield code="0">0</subfield>
    <subfield code="1">0</subfield>
    <subfield code="4">0</subfield>
    <subfield code="7">0</subfield>
    <subfield code="a">BCEJYS</subfield>
    <subfield code="b">BCEJYS</subfield>
    <subfield code="c">16</subfield>
    <subfield code="d">2026-04-07</subfield>
    <subfield code="l">0</subfield>
    <subfield code="o">E347.51 C669/ER</subfield>
    <subfield code="p">E00026</subfield>
    <subfield code="r">2026-04-07 15:57:07</subfield>
    <subfield code="w">2026-04-07</subfield>
    <subfield code="y">L</subfield>
  </datafield>
</record>
